Les mots de la langue française se terminant par "age" - Statistiques

Statistiques générales
  • Ce quiz a été pris 241 fois
  • Le résultat moyen est 11 sur 36
Statistiques - réponses
Indice Mot % Correct
cumulus nuage
70%
union mariage
62%
fond de teint maquillage
61%
bord de mer plage
59%
panneau d'... affichage
58%
roi mage
51%
autoroute péage
49%
palourde coquillage
48%
balai age
46%
Epinal image
44%
livre page
43%
aspirateur ménage
42%
... artistique patinage
38%
boisson breuvage
34%
but cage
34%
déplacement voyage
34%
pirate abordage
33%
toilette nettoyage
28%
couloir passage
28%
cerveau lavage
27%
gare triage
25%
treillis métallique grillage
24%
vêtements habillage
22%
papillon nage
19%
dilapidation gaspillage
18%
détournement pillage
16%
dissimulation camouflage
14%
arbre feuillage
14%
faire tomber abattage
11%
caprice enfantillage
8%
équipement outillage
7%
faire échouer sabotage
7%
trace sillage
7%
médiation arbitrage
6%
tricherie trucage
6%
orientation aiguillage
3%
Aucun quiz correspondant
Distribution des résultats
% des personnes avec chaque résultat
Percentile par nombre de réponses
Votre historique - résultats
Vous n’avez pas pris ce quiz